Back on course (Record no. 76947)
[ view plain ]
| 000 -LEADER | |
|---|---|
| fixed length control field | 00815cab a2200169 4500 |
| 001 - CONTROL NUMBER | |
| control field | ##L133347 |
| 008 - FIXED-LENGTH DATA ELEMENTS--GENERAL INFORMATION | |
| fixed length control field | 060503n2006 000 0 eng u |
| 035 ## - SYSTEM CONTROL NUMBER | |
| System control number | (Sirsi) u133347 |
| 041 0# - LANGUAGE CODE | |
| Language code of text/sound track or separate title | eng |
| 100 1# - MAIN ENTRY--PERSONAL NAME | |
| Personal name | McCormick, Helen |
| 245 00 - TITLE STATEMENT | |
| Title | Back on course |
| 260 ## - PUBLICATION, DISTRIBUTION, ETC. | |
| Date of publication, distribution, etc. | 2006 |
| 490 #0 - SERIES STATEMENT | |
| Series statement | Contract Journal |
| Volume/sequential designation | 433(6571) 20 April 2006, 22-23(2) |
| 520 ## - SUMMARY, ETC. | |
| Summary, etc. | Reports on the restoration of the Huddersfield Narrow Canal, carried out under a framework contract which covers the maintenance and upgrade of the entire canal network in northern England. The work involved excavation of the canal bed, installation of a drainage blanket and impermeable liner, rebuilding of washwalls, towpath construction and reinstatement. |
| 690 ## - LOCAL SUBJECT ADDED ENTRY--TOPICAL TERM (OCLC, RLIN) | |
| Topical term or geographic name as entry element | PROPERTY-INFRASTRUCTURE-WATER TRANSPORT AND PROTECTION INFRASTRUCTURE |
| 942 ## - ADDED ENTRY ELEMENTS (KOHA) | |
| Suppress in OPAC | 0 |
| Withdrawn status | Lost status | Source of classification or shelving scheme | Damaged status | Not for loan | Home library | Current library | Shelving location | Date acquired | Total Checkouts | Full call number | Barcode | Date last seen | Copy number | Price effective from | Koha item type |
|---|---|---|---|---|---|---|---|---|---|---|---|---|---|---|---|
| Dewey Decimal Classification | London | London | Journal article | 03/05/2006 | L133347 | 133347-1001 | 06/08/2019 | 1 | 06/08/2019 | Journal article |